000 00457nam a2200157 i 4500
001 36562
003 ES-MaACL
005 20230906155408.0
007 t|
008 030218s1910 xxk ||||1| eng d
100 1 _aBrown, George.
_931992
245 1 0 _aMelanesians and polinesians
_b: their life histories desenbed and compared /
_cGeorge Brown.
260 _aLondon :
_bMacMillan and C.,
_c1910.
300 _a452 p. ;
_c23 cm.
852 _aES-MaACL
_jA-147
999 _c36562
_d36562